Normal view
MARC view
- اثار- اكتشاف الاقار
Entry Topical Term
001 - CONTROL NUMBER
- control field: 7610
003 - CONTROL NUMBER IDENTIFIER
- control field: JO-AjAnu
005 - DATE AND TIME OF LATEST TRANSACTION
- control field: 20230606071529.0
008 - FIXED-LENGTH DATA ELEMENTS
- fixed length control field: 230606|| aca||aabn | a|a d
040 ## - CATALOGING SOURCE
- Original cataloging agency: JO-AjAnu
- Transcribing agency: JO-AjAnu
150 ## - HEADING--TOPICAL TERM
- Topical term or geographic name entry element: اثار- اكتشاف الاقار
670 ## - SOURCE DATA FOUND
- Source citation: Work cat.: (JO-AjAnu)3935: مرقس، سليم انطوان, author 7609, حضارات غارقة: قصة الكشوف الاثرية تحت البحر